000 00518nam a2200193Ia 4500
003 OSt
005 20220706043836.0
008 151021s9999 xx 000 0 und d
020 _a1868220362
040 _aMMU
_beng
_cMMU
_dMMU
050 _aBR 115 .W6 V34 2008
245 _aAnatomy of Reformation/
_cVan Der Walt.
260 _aCa[pe Town :
_bPotchefstroom,
_c 2008.
300 _aiii, 582 p. :
500 _aIncludes index
500 _aIncludes index
650 _aReformation
942 _2lcc
_cLOAN LOAN
999 _c15013
_d15013